[Event "Olympiad-44"]
[Site "Chennai"]
[Date "2022.07.30"]
[Round "2.3"]
[White "Sharikhan, Shawal"]
[Black "Germinal, Kemly"]
[Result "0-1"]
[WhiteElo "1789"]
[BlackElo "1997"]
[PlyCount "96"]
[EventDate "2022.07.29"]
[EventType "team-swiss"]
[EventRounds "11"]
[EventCountry "IND"]
[SourceTitle "CBM 210"]
[Source "ChessBase"]
[SourceDate "2022.10.31"]
[SourceVersion "1"]
[SourceVersionDate "2022.10.31"]
[SourceQuality "1"]
[WhiteTeam "Brunei"]
[BlackTeam "Haiti"]
[WhiteTeamCountry "BRN"]
[BlackTeamCountry "HAI"]

1. Nf3 Nc6 2. c4 e5 3. Nc3 Nf6 4. e4 Bb4 5. Qc2 d6 6. a3 Bxc3 7. bxc3 Bg4 8. Be2 0-0 9. d3 Ne8 10. h3 Bd7 11. Bg5 f6 12. Bh4 Kh8 13. g4 Ne7 14. Bg3 c6 15. Nh4 d5 16. cxd5 cxd5 17. 0-0 Rc8 18. Qd2 Qa5 19. Qb2 Nd6 20. Qb4 Qc7 21. Rac1 a5 22. Qb2 dxe4 23. d4 Nf7 24. Rfd1 Ng5 25. Kh2 Ba4 26. Re1 e3 27. f3 Nd5 28. Ng2 Nf4 29. h4 Nxg2 30. Kxg2 Ne6 31. Bf1 Nf4+ 32. Kh2 Bc6 33. Rxe3 Rce8 34. Bxf4 exf4 35. Rxe8 Rxe8 36. Kg2 Re3 37. Be2 Qe7 38. Kf2 f5 39. g5 h6 40. Rg1 h5 41. Rd1 Bd5 42. Rd2 Qe8 43. c4 Rxf3+ 44. Bxf3 Qe3+ 45. Kf1 Qxf3+ 46. Ke1 Qh1+ 47. Kf2 Qg2+ 48. Ke1 Qg1+ 0-1

[Event "Asia Nations online Cup"]
[Site "Chess.com INT"]
[Date "2020.10.18"]
[Round "7.15"]
[White "Sharikhan, Shawal"]
[Black "Hussain, Hashem"]
[Result "1/2-1/2"]
[WhiteElo "1789"]
[BlackElo "1702"]
[PlyCount "95"]
[EventDate "2020.10.10"]
[EventType "team-swiss (rapid)"]
[EventRounds "9"]
[EventCountry "IND"]
[SourceTitle "CBM 198 Extra"]
[Source "ChessBase"]
[SourceDate "2020.11.30"]
[SourceVersion "1"]
[SourceVersionDate "2020.11.30"]
[SourceQuality "1"]
[WhiteTeam "Brunei"]
[BlackTeam "Kuwait"]
[WhiteTeamCountry "BRN"]
[BlackTeamCountry "KUW"]

1. d4 Nf6 2. c4 c5 3. Nf3 g6 4. Bg5 Bg7 5. e3 cxd4 6. exd4 d6 7. Nc3 Bg4 8. Be2 Nc6 9. h3 Bxf3 10. Bxf3 Qa5 11. Be3 Qb4 12. Qb3 0-0 13. 0-0 Rab8 14. Rfd1 a6 15. Bxc6 bxc6 16. Qxb4 Rxb4 17. b3 h5 18. Rac1 a5 19. f3 h4 20. Kf2 Nh5 21. Ne4 a4 22. Bd2 Bxd4+ 23. Kf1 Rb7 24. b4 Bb2 25. Rb1 a3 26. Be1 Rfb8 27. Ke2 f6 28. Kd3 Nf4+ 29. Kc2 Nxg2 30. Bd2 e5 31. Rg1 Nf4 32. Nxf6+ Kf7 33. Ne4 Ne2 34. Rg4 Rd8 35. Rxh4 Nd4+ 36. Kd1 Ke6 37. Rh6 Kf5 38. Rh4 Nxf3 39. Rg4 Nxd2 40. Nxd2 Rxb4 41. Kc2 d5 42. Rf1+ Ke6 43. cxd5+ cxd5 44. Rxg6+ Ke7 45. Rg7+ Ke6 46. Rg6+ Ke7 47. Rg7+ Ke6 48. Rg6+ 1/2-1/2

[Event "Asia Nations online Cup"]
[Site "Chess.com INT"]
[Date "2020.10.16"]
[Round "6.13"]
[White "Nadan, Avinesh"]
[Black "Sharikhan, Shawal"]
[Result "1-0"]
[WhiteElo "1541"]
[BlackElo "1789"]
[PlyCount "89"]
[EventDate "2020.10.10"]
[EventType "team-swiss (rapid)"]
[EventRounds "9"]
[EventCountry "IND"]
[SourceTitle "CBM 198 Extra"]
[Source "ChessBase"]
[SourceDate "2020.11.30"]
[SourceVersion "1"]
[SourceVersionDate "2020.11.30"]
[SourceQuality "1"]
[WhiteTeam "Fiji"]
[BlackTeam "Brunei"]
[WhiteTeamCountry "FIJ"]
[BlackTeamCountry "BRN"]

1. d4 Nf6 2. c4 g6 3. Nc3 Bg7 4. Nf3 0-0 5. e4 d6 6. Be2 Re8 7. 0-0 e5 8. dxe5 dxe5 9. Qc2 Nc6 10. Rd1 Qe7 11. Nd5 Nxd5 12. exd5 e4 13. Ne1 Nd4 14. Qd2 Nxe2+ 15. Qxe2 Bf5 16. Be3 Rad8 17. Rab1 b6 18. a3 c6 19. b4 cxd5 20. cxd5 Rd6 21. Qc4 Red8 22. Bf4 Be5 23. Be3 Be6 24. b5 Rxd5 25. Rdc1 Bxh2+ 26. Kf1 Be5 27. Qb4 Qh4 28. f3 Bg3 29. fxe4 Qh1+ 30. Bg1 Rd2 31. Rb2 Rxb2 32. Qxb2 Bf4 33. Rc2 Qh5 34. Rf2 Be5 35. Qc2 Qg4 36. a4 Bd4 37. Rd2 Qf4+ 38. Nf3 Bc5 39. Rxd8+ Bf8 40. Qd2 Qxe4 41. Qd6 Bc4+ 42. Kf2 Qe2+ 43. Kg3 h5 44. Qxf8+ Kh7 45. Ng5# 1-0

[Event "Online Olym Base A"]
[Site "Chess.com INT"]
[Date "2020.07.26"]
[Round "5.3"]
[White "Sharikhan, Shawal"]
[Black "Mohammed, Ahmed Said Al Amri"]
[Result "0-1"]
[WhiteElo "1789"]
[BlackElo "1772"]
[PlyCount "40"]
[EventDate "2020.07.25"]
[EventType "team-tourn (rapid)"]
[EventRounds "9"]
[EventCountry "USA"]
[SourceTitle "CBM 198"]
[Source "ChessBase"]
[SourceDate "2020.10.31"]
[SourceVersion "1"]
[SourceVersionDate "2020.10.31"]
[SourceQuality "1"]
[WhiteTeam "Brunei"]
[BlackTeam "Oman"]
[WhiteTeamCountry "BRN"]
[BlackTeamCountry "OMN"]

1. e4 e6 2. d4 b6 3. Bd3 Bb7 4. Nc3 Bb4 5. a3 Bxc3+ 6. bxc3 Nf6 7. Qe2 d5 8. e5 Ne4 9. Bxe4 dxe4 10. Be3 0-0 11. Nh3 Nc6 12. 0-0 Ne7 13. c4 Nf5 14. g4 Nxd4 15. Bxd4 Qxd4 16. Rad1 Qxe5 17. f4 Qc5+ 18. Nf2 e3 19. Nh1 Rad8 20. Ng3 Rd2 0-1

[Event "Olympiad-43"]
[Site "Batumi"]
[Date "2018.10.03"]
[Round "9.4"]
[White "Sharikhan, Shawal"]
[Black "Luxama, Jacques Muller"]
[Result "1/2-1/2"]
[WhiteElo "1712"]
[BlackElo "1904"]
[PlyCount "124"]
[EventDate "2018.09.24"]
[EventType "team-swiss"]
[EventRounds "11"]
[EventCountry "GEO"]
[SourceTitle "CBM 187"]
[Source "ChessBase"]
[SourceDate "2018.12.11"]
[SourceVersion "1"]
[SourceVersionDate "2018.12.11"]
[SourceQuality "1"]
[WhiteTeam "Brunei"]
[BlackTeam "Haiti"]
[WhiteTeamCountry "BRN"]
[BlackTeamCountry "HAI"]

1. Nf3 d5 2. g3 Nf6 3. Bg2 e6 4. b3 Be7 5. Bb2 Nbd7 6. 0-0 0-0 7. d3 b6 8. e3 Bb7 9. Nbd2 c5 10. c4 Rc8 11. Qe2 Qc7 12. Rad1 Rfe8 13. e4 d4 14. Ne1 e5 15. Nb1 Nf8 16. Bc1 Ng6 17. Bh3 Rcd8 18. Bf5 Bd6 19. Bg5 Qe7 20. Ng2 h6 21. Bc1 Bc8 22. Bxc8 Rxc8 23. Nd2 Qd7 24. Nf3 Qh3 25. Rfe1 Ng4 26. Qf1 Re6 27. Ngh4 Qxf1+ 28. Rxf1 Nxh4 29. Nxh4 Kh7 30. h3 Nf6 31. Nf5 Bf8 32. Kh2 g6 33. Nh4 Bd6 34. f4 exf4 35. Bxf4 Be7 36. Bc1 Kg7 37. Rf3 Nd7 38. Ng2 Ne5 39. Rf2 g5 40. Ne1 Rcc6 41. Nf3 Rf6 42. Kg2 Nxf3 43. Rxf3 Rxf3 44. Kxf3 Rf6+ 45. Kg2 Bd6 46. Re1 Be5 47. Re2 Kg6 48. Rf2 h5 49. Rxf6+ Kxf6 50. Kf3 Kg6 51. a4 f6 52. Bd2 Bd6 53. Bc1 Kf7 54. Bd2 Ke6 55. Bc1 Be5 56. Bd2 Bd6 57. Bc1 Kd7 58. Bd2 Kc6 59. Bc1 a6 60. Bd2 b5 61. Be1 Be5 62. Bd2 b4 1/2-1/2

[Event "Olympiad-43"]
[Site "Batumi"]
[Date "2018.10.02"]
[Round "8.4"]
[White "Sharikhan, Shawal"]
[Black "Espinoza, Jose"]
[Result "0-1"]
[WhiteElo "1712"]
[BlackElo "2129"]
[PlyCount "66"]
[EventDate "2018.09.24"]
[EventType "team-swiss"]
[EventRounds "11"]
[EventCountry "GEO"]
[SourceTitle "CBM 187"]
[Source "ChessBase"]
[SourceDate "2018.12.11"]
[SourceVersion "1"]
[SourceVersionDate "2018.12.11"]
[SourceQuality "1"]
[WhiteTeam "Brunei"]
[BlackTeam "Nicaragua"]
[WhiteTeamCountry "BRN"]
[BlackTeamCountry "NCA"]

1. Nf3 Nf6 2. g3 g6 3. Bg2 Bg7 4. 0-0 0-0 5. c4 d6 6. d4 Nc6 7. Nc3 e5 8. dxe5 Nxe5 9. Nxe5 dxe5 10. Bg5 Qxd1 11. Raxd1 c6 12. Rd6 Be6 13. b3 h6 14. Bc1 Rfe8 15. e4 Bf8 16. Rd3 Nd7 17. Be3 Nc5 18. Rdd1 Na6 19. Na4 b6 20. f4 Bg4 21. Rd2 exf4 22. gxf4 Rad8 23. Rxd8 Rxd8 24. e5 Rd3 25. Bf2 Nb4 26. Re1 Nxa2 27. Bxc6 Rxb3 28. Re3 Rb4 29. Nc3 Rxc4 30. Bd5 Rxc3 31. Bxa2 Rc1+ 32. Kg2 Bc5 33. Rg3 Rc2 0-1